Statistics for Select All Minecraft

Click here to take the quiz!

General Stats

  • This quiz has been taken 56 times
  • The average score is 63 of 72

Answer Stats

QuestionTileSelect% Correct
OresDiamondYes
100%
OresGoldYes
100%
OresEmeraldYes
98%
OresLapisYes
98%
OresCopperYes
96%
OresRubyNo
96%
OresSteelNo
96%
Edible itemsCooked SalmonYes
94%
Villager jobsLibrarianYes
94%
OresQuartzYes
94%
OresSilverNo
94%
Wood typesBirchYes
91%
ItemsBookYes
91%
Edible itemsChocolate CakeNo
91%
Edible itemsCoffeeNo
91%
Edible itemsCookieYes
91%
Wool colorsCyanYes
91%
ItemsDried KelpYes
91%
PotionsFire ResistanceYes
91%
Villager jobsFletcherYes
91%
ItemsGolden HoeYes
91%
Villager jobsGuardNo
91%
Villager jobsKnightNo
91%
Wool colorsLight BlueYes
91%
Wool colorsLight GrayYes
91%
Wool colorsLimeYes
91%
Wool colorsMagentaYes
91%
ItemsNetherite IngotYes
91%
Wood typesOakYes
91%
Edible itemsPumpkin PieYes
91%
Edible itemsRabbit StewYes
91%
Edible itemsRaw BeefYes
91%
Wool colorsScarletNo
91%
MobsShulkerYes
91%
MobsSpiderYes
91%
MobsTurtleYes
91%
MobsWardenYes
91%
MobsAlligatorNo
89%
Villager jobsFishermanYes
89%
Wood typesMapleNo
89%
PotionsNight VisionYes
89%
MobsPandaYes
89%
PotionsRegenerationYes
89%
ItemsSaltNo
89%
Wood typesSpruceYes
89%
ItemsStone HammerNo
89%
PotionsStrengthYes
89%
Wood typesSycamoreNo
89%
PotionsX-rayNo
89%
MobsCrabNo
87%
MobsGiraffeNo
87%
Edible itemsApple PieNo
85%
Wool colorsAquaNo
85%
Wood typesCedarNo
85%
Wood typesMangroveYes
85%
PotionsPoisonYes
85%
Wood typesRedwoodNo
85%
PotionsWater BreathingYes
85%
PotionsDurabilityNo
83%
MobsFrogYes
83%
Villager jobsHunterNo
83%
ItemsQuiverNo
81%
ItemsRedstone IngotNo
81%
Wood typesWarpedYes
79%
Villager jobsButcherYes
77%
PotionsBlast ResistanceNo
74%
ItemsCopper NuggetNo
72%
Villager jobsSmokerNo
66%
Villager jobsShepherdYes
62%
Wool colorsDark BlueNo
60%
Wool colorsDark GreenNo
53%
Edible itemsTropical FishNo
32%

Score Distribution

Percentile by Number Answered

Percent of People with Each Score

Your Score History

You have not taken this quiz